000 01782nam a22002897a 4500
005 20110630114551.0
010 _aENG-102826 B-457095-099
020 _c195.00
_a9788171920587
035 _aEN-86359 B-457095-099
037 _bDBAD/PUB
037 _bK.K.Pub/Ven
082 _a025.82
100 _aKale, K.B.
_947162
245 _aLibrary security :
_cby K B Kale
_bcare and maintenance of books /
260 _aNagpur
_bDattsons
_c2010
270 _aJ.Nehru Marg,Sadar
_bNagpur
_e440001
300 _a208p.
_c22cm (pbk)
500 _aIncludes bibliographical references and index
942 _2ddc
_cEN
_mKAL
_h025.82
999 _c53483
_d53483